1915 1966 1044 1768 1046 1887 1229 1125 1851 1240 1135 1705 1690 1333 1972 1765 1936 1001 1092 1213 1323 1589 1599 1470 1498 1435 1698 1287 1718 1618 1579 1575 1114 1495 1345 1345 1808 1220 1649 1856 1401 1782 1431 1486 1689 1838 1488 1783 1990 1808 1987 1003 1087 1200 1915 1884 1346 1415 1734 1927 1005 1691 1177 1094 1753 1502 1056 1532 1730 1880 1788 1961 1428 1912 1276 1585 1603 1775 1750 1948 1772 1241 1956 1972 1506 1330 1614 1428 1667 1204 1178 1225 1064 1562 1869 1316 1960 1469 1330 BCNSPRNW ULIB Ver.6.0+V

เปลี่ยนเป็นภาษาไทย

Change to English
 แสดงรายละเอียดบรรณานุกรม
  กลับหน้าหลัก

Brief Record : Get Marc (ISO 2709) : E-mail record : QR code < ปิดหน้าต่าง
LEADER : 00000nam 2200000uu 4500
001    13399112925
003     ULIB
008    110627s2550||||th 000 0 tha d
020    9789748371542
090    นว.^bA111ซ 2550
100 0  Angie Sage
245 00 เซ็ปติมัส ฮีป ปาฏิหาริย์หมายเลขเจ็ด 3 จอมขมังเวช/^cAngie Sage
250    พิมพ์ครั้งที่ 2
260    กรุงเทพฯ :^bนามมีบุ๊คส์พับลิเคชั่นส์,^c2550
300    480 หน้า
710 1  นามมีบุ๊คส์พับลิเคชั่นส์
945    ^p295^l0^i022070
995    ทศพร
999 ^a ใช้งานได้ทุกระบบ
รายการนี้ยังไม่มีแท็ก
คุณยังไม่ได้ล็อกอิน คุณสามารถมีกิจกรรมร่วมกับเว็บไซต์ได้ แต่ต้องล็อกอินก่อน ::
  ล็อกอิน

รายการสื่อสารสนเทศ

ลำดับที่ ประเภท เลขเรียก/บาร์โค้ด สถานที่ สถานะ
- ไม่พบข้อมูล -

รายการใกล้เคียง
    ผู้แต่ง [Angie Sage]

BibComment


ยังไม่เคยถูกคอมเมนท์

คอมเมนท์ทรัพยากรรายการนี้
  คอมเมนท์: เซ็ปติมัส ฮีป ปาฏ..


 Copyright 2026. Bcnsprnw @Library